Time to lay a bet on casinos (Record no. 68504)
[ view plain ]
| 000 -LEADER | |
|---|---|
| fixed length control field | 01094cam a2200229 4500 |
| 001 - CONTROL NUMBER | |
| control field | ABS64581 |
| 008 - FIXED-LENGTH DATA ELEMENTS--GENERAL INFORMATION | |
| fixed length control field | 011008n2001 000 0 eng u |
| 035 ## - SYSTEM CONTROL NUMBER | |
| System control number | (Sirsi) u115025 |
| 100 ## - MAIN ENTRY--PERSONAL NAME | |
| Personal name | Bruce, A. |
| 245 ## - TITLE STATEMENT | |
| Title | Time to lay a bet on casinos |
| 260 ## - PUBLICATION, DISTRIBUTION, ETC. | |
| Date of publication, distribution, etc. | 2001 |
| 490 ## - SERIES STATEMENT | |
| Series statement | Estates Gazette |
| Volume/sequential designation | (0140) 6 October 2001, 153(1) |
| 520 ## - SUMMARY, ETC. | |
| Summary, etc. | In 1999 the Home Office asked Sir Alan Budd to review the regulation of the gambling industry in the UK. Budd's report was finally published in July 2001. Discusses the report's findings and its implications for the property industry. Most notably, the report recommends deregulation across the gambling industry. One of the areas that will be most affected is the casino sector. The scaling back of regulation in this area will allow the casino business to flourish. Notes that the Budd Report will create development opportunities across the UK. |
| 590 ## - LOCAL NOTE (RLIN) | |
| Local note | ABS |
| 650 ## - SUBJECT ADDED ENTRY--TOPICAL TERM | |
| Topical term or geographic name entry element | GAMBLING |
| 650 ## - SUBJECT ADDED ENTRY--TOPICAL TERM | |
| Topical term or geographic name entry element | DEREGULATION |
| 650 ## - SUBJECT ADDED ENTRY--TOPICAL TERM | |
| Topical term or geographic name entry element | REFORM |
| 650 ## - SUBJECT ADDED ENTRY--TOPICAL TERM | |
| Topical term or geographic name entry element | CASINOS |
| 650 ## - SUBJECT ADDED ENTRY--TOPICAL TERM | |
| Topical term or geographic name entry element | OPPORTUNITIES |
| 690 ## - LOCAL SUBJECT ADDED ENTRY--TOPICAL TERM (OCLC, RLIN) | |
| Topical term or geographic name as entry element | LEISURE AND RECREATION |
| 942 ## - ADDED ENTRY ELEMENTS (KOHA) | |
| Suppress in OPAC | 0 |
| Withdrawn status | Lost status | Source of classification or shelving scheme | Damaged status | Not for loan | Home library | Current library | Shelving location | Date acquired | Total Checkouts | Full call number | Barcode | Date last seen | Copy number | Price effective from | Koha item type |
|---|---|---|---|---|---|---|---|---|---|---|---|---|---|---|---|
| Dewey Decimal Classification | London | London | Journal article | 08/10/2001 | ABS64581 | 115025-1001 | 06/08/2019 | 1 | 06/08/2019 | Journal article |